Československé naftové motory

Podrobná bibliografia
Hlavný autor: Judl, Jiří (Autor)
Médium: Článok
Jazyk:čeština

MARC

LEADER 00000nab a2200000uu 4500
001 vtls011464711
003 SK-MaSNL
005 20260303154144.0
008 230222|1960 xo |||||||||||||||||cze|
015 |a SNBRB 
035 |a (urnnbn)urn:nbn:sk:snk:ar-a0avqn 
035 |a (uuid)c6a968c5-f047-4b07-afa9-55723f709997 
035 |a urn:nbn:sk:snk-abcxn2 
040 |a SNKBUCL  |b slo  |c SNKBUCL  |e AACR2 
041 0 |a cze 
044 |a xo  |c SK 
100 1 |a Judl, Jiří  |4 aut  |9 1176650 
245 1 0 |a Československé naftové motory  |c Jiří Judl 
773 0 |t Technická práca : časopis Ústřední rady Čs. vědecko-technické společnosti  |g Roč. 12, č. 9 (1960), s. 736-740 
958 |a OND 
958 |a EUIPO 
958 |a article16 
999 |c 2032175  |d 2034105